Návrh opatrení na rozvoj kľúčových kompetencií zamestnancov priemyselného podniku SLOVMAG, a.s. Lubeník

Saved in:
Bibliographic Details
Main Author: Nepšinský, Marcel, 1990- (Author)
Other Authors: Cagáňová, Dagmar, 1971- (Thesis advisor)
Format: Manuscript Book
Language:Slovak
Published: Trnava : STU v Bratislave MTF UPMK, 2012
Subjects:
Online Access:VAIS
Tags: Add Tag
No Tags, Be the first to tag this record!

MARC

LEADER 00000ntm a22000003a 4500
001 stu251134
005 20150617230225.6
008 120719s2012----xo------------------slo-d
040 |a STU  |b slo 
041 0 |a slo 
044 |a xo 
100 1 |a Nepšinský, Marcel,  |d 1990-  |4 aut  |u M  |T MTF Materiálovotechnologická fakulta  |X 66109  |U M  |Y 60  |7 A000066109 
242 0 0 |a Proposed measures to develop care competencies of employees in industrial enterprise SLOVMAG, a.s. Lubeník   |y eng 
245 1 |a Návrh opatrení na rozvoj kľúčových kompetencií zamestnancov priemyselného podniku SLOVMAG, a.s. Lubeník  
260 |a Trnava :  |b STU v Bratislave MTF UPMK,  |c 2012 
300 |a 52s  |c CD ROM 
650 7 |a priemyselné manažérstvo  |2 stusub 
650 7 |a Industrial Management  |2 estusub 
650 7 |a kvalifikácia  |2 stusub 
650 7 |a profesiogram  |2 stusub 
650 7 |a kľúčové kompetencie  |2 stusub 
700 1 |a Cagáňová, Dagmar,  |d 1971-  |4 ths  |u M4000  |U MTF Materiálovotechnologická fakulta  |T MTF Ústav priemyselného inžinierstva a manažmentu  |X 2785  |U M4000  |Y 84  |7 A000002785 
856 4 |a info a plný text  |u http://is.stuba.sk/zp/portal_zp.pl?podrobnosti=66190  |3 VAIS 
996 |c M*BP-5722  |l MMSKP  |s P  |a 0  |w stu251134_0001